000 00621nam a2200181Ia 4500
003 OSt
005 20240325143223.0
008 210210b1952 xxu||||| |||| 00| 0 eng d
040 _cAL
041 _aKannada
082 _a854/319
100 _aSHANKARANARAYANA RAO (H M) ಶಂಕರನಾರಾಯಣ ರಾವ್ ಎಚ್ ಎಂ
_9138401
245 _aSiddharamachariteya sangrahada kaigannadi
_bಸಿದ್ಧರಾಮಚರಿತೆಯ ಸಂಗ್ರಹದ ಕೈಗನ್ನಡಿ
260 _aMaisuru
_bSharada Mandira
_c1952
690 _aKannada Criticism
_9138405
906 _a020168
942 _2ddc
_cBK
999 _c144320
_d144320